000 00250nam a22001217a 4500
008 170921b xxu||||| |||| 00| 0 eng d
041 _aeng
080 _a7
100 _a45
101 _aART
245 _aMEDIEVAL WISDOM
_cALCHEMY
942 _2udc
_cBK
999 _c28621
_d28621